Informe ejecutivo Estudio Nacional de Consumo de Drogas en Chile

Uloženo v:
Podrobná bibliografie
Médium: Kniha
Jazyk:španělština
Vydáno: Santiago CONACE 2001
Témata:
Tagy: Přidat tag
Žádné tagy, Buďte první, kdo vytvoří štítek k tomuto záznamu!

MARC

LEADER 00000nam a2200000 a 4500
001 UCN7252
003 CL-VaPUC
005 20200123182744.0
008 011012e20010000cl 1 spa d
082 0 4 |a 362.29  |b INF  |2 21 
245 1 0 |a Informe ejecutivo Estudio Nacional de Consumo de Drogas en Chile 
260 |a Santiago  |b CONACE  |c 2001 
300 |a 69 p 
583 |a last modification  |c 20190821 11:55:07  |k Rodrigo Vera 
650 0 7 |a CONSUMO DE DROGAS - PREVENCION  |2 CL-VaPUC  |9 620010 
650 0 7 |a TOXICOMANIA - ESTUDIOS SOCIALES  |2 CL-VaPUC  |9 475405 
942 |c BK 
945 |a crobeson  |d 20011012 00:00:00 
546 |a En Español 
536 |a CONACE 
518 |p Estudio Nacional de Consumo de Drogas en Chile, 4, Santiago, septiembre a diciembre de 2000 
999 |c 383713  |d 383711 
952 |0 0  |1 0  |4 0  |6 362_290000000000000_INF_2001  |7 0  |8 A  |9 505939  |a BIBGIM  |b BIBGIM  |d 2020-01-23  |i 3731804  |o 362.29 INF 2001  |p 3731804  |r 2025-01-15  |w 2020-01-23  |y BK  |k GIM